Guess the lyrics (#95) - Statistics

General Stats
  • This quiz has been taken 88 times
  • The average score is 98 of 165
Answer Stats
Answer % Correct
I
100%
you
96%
you,
96%
You
96%
the
93%
me
87%
me?
87%
And
84%
Can
80%
can
80%
to
78%
it
77%
your
75%
do
71%
In
71%
in
71%
can't
68%
all
67%
No
64%
so
64%
that
62%
for
61%
of
61%
were
61%
we're
61%
give
57%
was
51%
see
49%
get
48%
Oh
48%
oh
48%
baby
45%
at
39%
loving
35%
make
35%
eyes
33%
Feel
33%
made
33%
made,
33%
'Cause
32%
enough
30%
girl
30%
girl,
30%
gonna
26%
wanna
25%
come
22%
There's
22%
Tonight
22%
tonight
22%
much
20%
something
20%
true
19%
lay
14%
darkness
13%
feet
9%
magic
9%
drives
7%
wild
7%
No matching quizzes found
Score Distribution
Percent of People with Each Score
Percentile by Number Answered
Your Score History
You have not taken this quiz